00689nam a2200169 a 450000100100000000500170001000800410002704000250006808200090009311000780010224501290018026000550030930000200036404900090038495201090039399900170050200002890620200930055218.0110412s2002 dr 000 0 spa d aDO-SdBNPbspacBNPHU axxxx1 aRepública Dominicana.bPoder JudicialbSuprema Corte de Justicia95571210aFunciones legales y administrativas de los Secretarios de los Tribunales del Poder Judicial de la Repúblublica Dominicana. aSanto Domingo :bSuprema Corte de Justicia,c2002. a32 p. ;c21 cm. aBNPD 0010718PDaPDbPDcCTd2011-04-12iLF1l0oxxxx p28906-10r2020-06-25w2020-06-25yLFPDZNo se presta c28398d28398